000 00678nam a2200205Ia 4500
003 GCL
008 140319s9999 xx 000 0 ara d
040 _aGCL /
_cGCL
082 0 4 _aط
_b823.087
_bو ف
100 1 _aمختار السويفى
245 1 0 _aفارس من اسكتلندا /
_cمختار السويفى
700 1 _aوالتزسكوت, التر
700 1 _aمى التلمسانى (مترجم)
260 _a[S.N] :
_bالهيئة المصرية العامة للكتاب ،
_c1994
300 _a255
490 _aروائع الادب العالمى للناشين
_v0
650 0 4 _aالاطفال
650 0 4 _aقصص الاطفال
942 _2ddc
_cBK
999 _c34990
_d34990